Normal view
MARC view
Entry Personal Name
001 - CONTROL NUMBER
- control field: 1237953
003 - CONTROL NUMBER IDENTIFIER
- control field: OSt
005 - DATE AND TIME OF LATEST TRANSACTION
- control field: 20260430150608.0
008 - FIXED-LENGTH DATA ELEMENTS
- fixed length control field: 260430|| aca||aabn | a|a d
040 ## - CATALOGING SOURCE
- Original cataloging agency: OSt
- Transcribing agency: OSt
100 ## - HEADING--PERSONAL NAME
- Personal name: University of Delhi. Faculty of Science. Deptt. of Zoology
670 ## - SOURCE DATA FOUND
- Source citation: Work cat.: (OSt)1850164: Shah Vijay Kumar Au.; Gupta Kamal Kumar Gu. 1237952, Growth Regulatory Activities of Ageratum Houstonianum on Dengue Vector Aedes Aegypti L. (Diptera: Culicidae), 2024
